00610nam 22001813 4500001000700000021001700007100004100024200008500065210003100150215003300181300006400214606002500278610001800303675003000321710003000351801001800381830002900399202831 aPTb90842/95 a20260701d u||y0pory50 ba aExtensão cultural e publicaçõeseinformaçãofUniversidade dos Açores aPonta Delgada cU.A.d1995 a157, [3] p.cbrochadod24 cm aContém nota do Prof. Dr. Almeida Faria na folha de guarda aEducaçãoxEnsino aUniversidade  a378.4(469.9)(05)vPTzpor aUniversidade dos Açores aPTbBMMNgRPC cAna FalardofAna Falardo